000 00500nam a2200181Ia 4500
001 11181
005 20260306161927.0
008 260306t2015||||xx |||||||||||||| ||spa||
041 _aESP
082 _a985.01
_bSH741C
100 _aShady Solís, Ruth
_eAUT
245 0 _aCentros urbanos de la civilización Caral:
_b21 años recuperando la historia sobre el sistema social
260 _c2015
300 _a283 páginas :
_c24 cm.
650 _aGEN
654 _aCHU
942 _cLIB
_dJUS
_fJUS
_2ddc
_n
999 _c11181
_d11181